1024 1212 1393 1232 1314 1315 1046 1989 1788 1476 1146 1393 1856 1300 1787 1827 1555 1450 1416 1896 1380 1047 1798 1470 1020 1995 1014 1283 1352 1208 1627 1952 1074 1129 1082 1220 1235 1890 1303 1618 1307 1491 1999 1192 1357 1491 1435 1165 1843 2000 1320 1389 1488 1589 1640 1115 1819 1269 1380 1168 1862 1721 1101 1807 1180 1870 1027 1056 1538 1307 1851 1125 1029 1486 1856 1146 1314 1014 1753 1360 1628 1434 1490 1170 1134 1205 1901 1655 1725 1339 1797 1297 1353 1528 1132 1040 1118 1415 1965 BCNSPRNW ULIB Ver.6.0+V

เปลี่ยนเป็นภาษาไทย

Change to English
 แสดงรายละเอียดบรรณานุกรม
  กลับหน้าหลัก

Brief Record : Get Marc (ISO 2709) : E-mail record : QR code < ปิดหน้าต่าง
LEADER : 00000nam 2200000uu 4500
001    13399110029
003     ULIB
008    110420s2550||||th 000 0 tha d
020    9789746237505
060 04 WG220^bส576ร 2550
100 0  สันต์ หัตถีรัตน์
245 10 โรคหัวใจ อาการเจ็บหัวใจ /^cสันต์ หัตถีรัตน์
250    พิมพ์ครั้งที่ 1
260    กรุงเทพฯ :^bหมอชาวบ้าน,^c2550
300    86 หน้า :^bภาพประกอบ ;^c21 ซม.
650  7 หัวใจ, โรค
945    ^p70^l0^i026327
945    ^p70^l0^i026326
945    ^p70^l0^i026325
945    ^p70^l0^i023852
945    ^p70^l0^i026328
945    ^p70^l0^i023851
995    ทศพร
999 ^a ใช้งานได้ทุกระบบ
รายการนี้ยังไม่มีแท็ก
คุณยังไม่ได้ล็อกอิน คุณสามารถมีกิจกรรมร่วมกับเว็บไซต์ได้ แต่ต้องล็อกอินก่อน ::
  ล็อกอิน

รายการสื่อสารสนเทศ

ลำดับที่ ประเภท เลขเรียก/บาร์โค้ด สถานที่ สถานะ
- ไม่พบข้อมูล -

รายการใกล้เคียง
    ผู้แต่ง [สันต์ หัตถีรัตน์]

    หัวเรื่อง [หัวใจ, โรค]

BibComment


ยังไม่เคยถูกคอมเมนท์

คอมเมนท์ทรัพยากรรายการนี้
  คอมเมนท์: โรคหัวใจ อาการเจ็..


 Copyright 2026. Bcnsprnw @Library